Normal view
MARC view
- Ordóñez, Plinio Daniel,
Entry Nombre Personal
001 - NUMERO DE CONTROL
- campo de control: 28573
003 - IDENTIFICADOR DE NUMERO DE CONTROL
- campo de control: MX-MxUPN
005 - FECHA Y HORA DE LA ÜLTIMA TRANSACCIÓN
- campo de control: 20240617104317.0
008 - DATOS DE LONGITUD FIJA
- campo de control de longitud fija: 240617n||acnnnaabn | aaa |d
035 ## - NUMERO DE CONTROL
- Número de control: UPN11000000679
040 ## - FUENTE DE CATALOGACIÓN
- Lenguaje de catalogación: spa
- Agencia de transcripción: MX-MxUPN
- Agencia original de catalogación: MX-MxUPN
100 1# - ENCABEZAMIENTO - NOMBRE PERSONAL
- Nombre personal: Ordóñez, Plinio Daniel,
- Fechas asociadas con el nombre: 1882-1970
400 1# - VEÁSE - NOMBRE DE PERSONA
- Personal name: Ordoñez, Plinio D.,
- Dates associated with a name: 1882-1970
670 ## - FUENTE EN LA QUE SE LOCALIZARON DATOS
- Cita de la fuente: T
- Uniform Resource Identifier: http://www.oocities.org/espanol/francmasones/glnl/pordonez.html
670 ## - FUENTE EN LA QUE SE LOCALIZARON DATOS
- Cita de la fuente: El método activo, 1929 :
- Uniform Resource Identifier: portada (Plinio D. Ordoñez)
680 ## - NOTA PUBLICA DE ACCESO PÚBLICO
- Frase explicativa de la referencia: Educador mexicano
902 ## - CATALOGADOR
- Catalogador: DAA/211107
